[Event "BCF-ch 76th"]
[Site "Plymouth"]
[Date "1989.??.??"]
[Round "?"]
[White "Foster, Nicholas E"]
[Black "Rogers, Jonathan"]
[Result "1/2-1/2"]
[WhiteElo "2205"]
[BlackElo "2335"]
[PlyCount "46"]
[EventDate "1989.07.??"]
[EventType "swiss"]
[EventRounds "11"]
[EventCountry "ENG"]
[SourceTitle "CBM 015"]
[Source "ChessBase"]
[SourceDate "1990.04.01"]
[SourceVersion "1"]
[SourceVersionDate "1990.04.01"]
[SourceQuality "1"]

1. b3 e5 2. Bb2 Nc6 3. c4 Nf6 4. e3 Be7 5. Nc3 0-0 6. Nf3 h6 7. d3 d5 8. cxd5 Nxd5 9. a3 a5 10. Be2 Be6 11. Qc2 f5 12. Na4 Bf6 13. Nc5 Bc8 14. 0-0 b6 15. Ne6 Bxe6 16. Qxc6 Qd6 17. Qc2 c5 18. Rfe1 Rac8 19. Rad1 f4 20. exf4 Nxf4 21. Bf1 Bg4 22. Qc4+ Be6 23. Qc2 Bg4 1/2-1/2

[Event "BCF-ch 76th"]
[Site "Plymouth"]
[Date "1989.??.??"]
[Round "?"]
[White "Mestel, A Jonathan"]
[Black "Foster, Nicholas E"]
[Result "1-0"]
[WhiteElo "2520"]
[BlackElo "2205"]
[PlyCount "77"]
[EventDate "1989.07.??"]
[EventType "swiss"]
[EventRounds "11"]
[EventCountry "ENG"]
[SourceTitle "CBM 015"]
[Source "ChessBase"]
[SourceDate "1990.04.01"]
[SourceVersion "1"]
[SourceVersionDate "1990.04.01"]
[SourceQuality "1"]

1. e4 Nc6 2. Nf3 e6 3. d4 d5 4. e5 f6 5. Bb5 Nge7 6. 0-0 a6 7. Bd3 fxe5 8. dxe5 Nb4 9. Be2 c5 10. c3 Nbc6 11. Bd3 Nf5 12. Bg5 Be7 13. Bxe7 Ncxe7 14. b4 b6 15. bxc5 bxc5 16. c4 0-0 17. Nc3 d4 18. Ne4 Ng6 19. Nxc5 Qc7 20. Bxf5 Rxf5 21. Qxd4 Nxe5 22. Nxe5 Qxe5 23. Qxe5 Rxe5 24. Nd3 Re4 25. Rfc1 a5 26. f3 Rd4 27. Ne5 Ba6 28. Rd1 Rad8 29. Rxd4 Rxd4 30. Rc1 g5 31. c5 Kg7 32. c6 Kf6 33. Ng4+ Ke7 34. c7 Bc8 35. Ne5 Rd5 36. Nc6+ Kd7 37. a4 h6 38. Rc4 Ba6 39. Nb8+ 1-0